| 000 | 00387nab a2200145Ia 4500 | ||
|---|---|---|---|
| 003 | ES-SlBCS | ||
| 005 | 20210601131725.0 | ||
| 008 | 140529s1953 xxu||||| |||| 00| 0 fre d | ||
| 041 | _afre | ||
| 100 | 1 |
_aGouhier, Henri _911023 |
|
| 245 | 0 | 0 |
_aThéâtre _c Henri Gouhier |
| 650 | 0 | 4 |
_aTeatro _992860 |
| 773 | 0 |
_tVie Intelectuelle (La) _gnº. 11, 1953, págs. 131-133 _wRev907 |
|
| 942 | _cAR | ||
| 999 |
_c567671 _d567671 |
||